Statistics for ’ン’で終わるヨーロッパの首都

Click here to take the quiz!

General Stats

  • This quiz has been taken 642 times
  • The average score is 6 of 9

Answer Stats

首都% Correct
ロンドン
93%
ベルリン
90%
リスボン
72%
ウィーン
63%
ベルン
62%
コペンハーゲン
52%
ダブリン
51%
タリン
38%
バチカン
33%

Score Distribution

Percentile by Number Answered

Percent of People with Each Score

Your Score History

You have not taken this quiz